000 00741nam a2200229 a 4500
999 _c4789
_d4789
001 4789
003 BD-JhCC
005 20190418134017.0
008 171203s2010 bg a|||| ||a| 001 0 eng d
020 _a9789848886184
035 _a(BD-JhCC) 4789
040 _aBD-JhCC
_dBD-JhCC
041 _aeng
082 _a954.9205092
_bRAJ 2010
100 _aRaja, Dewon Mohammad Tasaor
245 _aO General My General :
_bBangabir General Mohammad Ataul Ghani Osmany Commander-in-Chief Liberation War of Bangladesh 1971 /
_c Dewon Mohammad Tasaor Raja
260 _aDhaka :
_bTHE OSMANY MEMORIAL TRUST DHAKA BANGLADESH ,
_c2010
300 _a541 P .:
_c24 CM .
650 _aRevolution 1971
_zBangladesh
942 _2ddc
_cBK
_01